| 000 | 00571nam a22001817a 4500 | ||
|---|---|---|---|
| 005 | 20230419052032.0 | ||
| 008 | 221104b |||||||| |||| 00| 0 eng d | ||
| 020 | _a978-1-119-43178-7 | ||
| 082 | _a810.90054 G472 2019 | ||
| 100 |
_aGiles, Paul _eauthor |
||
| 245 |
_aAmerican world literature: _bintroduction / _cPaul Giles |
||
| 260 |
_aHoboken, NJ: _bJohn Wiley, _cc2019. |
||
| 300 | _avii, 220p. | ||
| 504 | _aIncludes bibliographical references and index | ||
| 541 | _e6503 | ||
| 650 | _aAmerican literature - History and criticism | ||
| 650 | _aComparative literature | ||
| 999 |
_c120 _d120 |
||